000 00395nam a2200157Ia 4500
003 Ost
005 20260225132554.0
008 260225s9999||||xx |||||||||||||| ||und||
040 _cfsic
041 _afre
082 _a440
100 _aCharaudeau Patriche
_eAuteur
245 0 _aLes Médias et l'information :
245 0 _bl'impossible transparence /
_cCharaudeau Patriche
942 _cكتاب
999 _c34344
_d34344